| 000 | 00610nam a2200217Ii 4500 | ||
|---|---|---|---|
| 003 | JO-AjNU | ||
| 008 | 230606s9999||||xx |||||||||||||| ||und|| | ||
| 020 | _a978-81-239-2290-4 | ||
| 040 |
_aJO-AjNU _beng _erda _cJO-AjNU |
||
| 041 | _aeng | ||
| 050 | 1 | 4 | _aHF5548.8.2013 |
| 100 | 3 |
_aNegi,Ankur, _eauthor _93034 |
|
| 245 | 0 | 0 | _a Industrial psychology |
| 250 | _a1 ed | ||
| 264 | 3 | 1 | _aNEW DELHI:CBS Publishers andDistributors,2013 |
| 300 | _a427p | ||
| 336 |
_atext _btxt _2rdacontent |
||
| 337 |
_aunmediated _bn _2rdamedia |
||
| 338 |
_avolume _bnc _2rdacarrier |
||
| 650 | 4 |
_aPsychology- Industrial _93035 |
|
| 999 |
_aE1591 _c1591 _d1591 |
||